Indemnización por ruptura intempestiva de contratación transitoria (en los términos de la doctrina "Ramos") / (Registro nro. 6187)
[ vista simple ]
| 000 -LEADER | |
|---|---|
| fixed length control field | 01231nabaa22002417a 4500 |
| 003 - CONTROL NUMBER IDENTIFIER | |
| control field | OSt |
| 005 - DATE AND TIME OF LATEST TRANSACTION | |
| control field | 20260125005442.0 |
| 008 - FIXED-LENGTH DATA ELEMENTS--GENERAL INFORMATION | |
| fixed length control field | 190701b xxu||||| |||| 00| 0 spa d |
| 040 ## - CATALOGING SOURCE | |
| Transcribing agency | PJ |
| 100 ## - MAIN ENTRY--PERSONAL NAME | |
| 9 (RLIN) | 5556 |
| Personal name | Gavaldá, Juan Marcelo |
| 245 10 - TITLE STATEMENT | |
| Title | Indemnización por ruptura intempestiva de contratación transitoria (en los términos de la doctrina "Ramos") / |
| Remainder of title | e indemnización por acoso laboral / |
| Statement of responsibility, etc | Juan Marcelo Gavalda. |
| 300 ## - PHYSICAL DESCRIPTION | |
| Extent | p. 187 |
| 500 ## - GENERAL NOTE | |
| General note | Cita: TR LALEY AR/DOC/1646/2024 |
| 505 ## - FORMATTED CONTENTS NOTE | |
| Formatted contents note | Sumario: I. Introducción.— II. Los hechos que suscitaron la cuestión.— III. El fallo apelado.— IV. La decisión de la Cámara y sus fundamentos.— V. Conclusiones. |
| 505 ## - FORMATTED CONTENTS NOTE | |
| Formatted contents note | Fallo comentado: CNFed. Contenciosoadministrativo, sala V ~ 07/12/ 2023 ~ C., M. A. c. EN-M RREE y C s/ empleo público. |
| 505 ## - FORMATTED CONTENTS NOTE | |
| Title | ¿Te interesa el texto completo? Comunicate al correo: koha@justierradelfuego.gov.ar |
| 650 #0 - SUBJECT ADDED ENTRY--TOPICAL TERM | |
| 9 (RLIN) | 211 |
| Topical term or geographic name as entry element | DERECHO ADMINISTRATIVO |
| 650 #0 - SUBJECT ADDED ENTRY--TOPICAL TERM | |
| Topical term or geographic name as entry element | EMPLEO PUBLICO |
| 9 (RLIN) | 938 |
| 650 #0 - SUBJECT ADDED ENTRY--TOPICAL TERM | |
| Topical term or geographic name as entry element | VIOLENCIA LABORAL |
| 9 (RLIN) | 5130 |
| 650 #0 - SUBJECT ADDED ENTRY--TOPICAL TERM | |
| Topical term or geographic name as entry element | JURISPRUDENCIA APLICABLE |
| 9 (RLIN) | 1057 |
| 773 0# - HOST ITEM ENTRY | |
| Host Biblionumber | 2842 |
| Host Itemnumber | 3251 |
| Place, publisher, and date of publication | Buenos Aires : AbeledoPerrot, 2012- |
| Other item identifier | DA121 |
| Title | Derecho administrativo. Nº 154 julio/agosto 2024 |
| International Standard Book Number | 18510590 |
| 942 ## - ADDED ENTRY ELEMENTS (KOHA) | |
| Source of classification or shelving scheme | |
| Koha item type | Analítica Artículo de Revista |
No hay ítems disponibles.
